000
00263nam a2200109Ia 4500
008
200302s9999 xx 000 0 und d
100
_a
Jonathan Hill
245
_a
Weather Architecture
260
_b
Routledge Taylor & Francis Group
260
_c
2012
300
_a
370
999
_c
3315
_d
3315